Statistics for All Countries that Once Bordered Germany

Click here to take the quiz!

General Stats

  • This quiz has been taken 24,209 times
    (23,094 since last reset)
  • The average score is 23 of 27

Answer Stats

Country % Correct
France
100%
Austria-Hungary
99%
Austria
99%
Netherlands
98%
Belgium
98%
Russia
98%
Switzerland
98%
Denmark
98%
Italy
98%
Poland
98%
Sweden
96%
Spain
95%
Finland
94%
Czech Republic
93%
Luxembourg
93%
Soviet Union
90%
Hungary
89%
Romania
88%
Bulgaria
85%
Yugoslavia
85%
Czechoslovakia
84%
Lithuania
80%
Liechtenstein
73%
Andorra
51%
Danzig
24%
Saar Protectorate
23%
Saar Basin
23%

Score Distribution

Percentile by Number Answered

Percent of People with Each Score

Your Score History

You have not taken this quiz since the last reset